| 000 | 00692nam a22002057a 4500 | ||
|---|---|---|---|
| 003 | OSt | ||
| 005 | 20240918084814.0 | ||
| 008 | 240917b ||||| |||| 00| 0 eng d | ||
| 040 | _cAIMIT LIBRARY | ||
| 100 |
_aB, Varsha. _e2216225 _9179243 |
||
| 245 |
_aStudy on influence of performance appraisal on employee productivity in KIOCL, Mangalore / _cBy Varsha B; Guided by Harinakshi. |
||
| 260 |
_aMangalore ; _c2024. |
||
| 650 |
_aCompany profile _9179244 |
||
| 650 |
_aLiterature review _9179245 |
||
| 650 |
_aResearch methodology _9179246 |
||
| 650 |
_aResearch instrument _9179247 |
||
| 700 |
_aHarinakshi _eGuide _9179248 |
||
| 856 |
_3KIOCL Limited _uwww.kioclltd.in |
||
| 942 |
_2ddc _cPRO |
||
| 999 |
_c231815 _d231815 |
||